00544nam a2200193 a 4500008004100000020001500041050001500056100002800071245002100099250001200120260003200132300002100164350000900185490006100194500003200255650001200287650002100299700003000320120416s1973 ||||||||||||||||| || u a0070353964 aQC 661 Kra aCarver, Keith R., 1940-10aElectromagnetics a2nd ed. aNew YorkbMcGraw-Hillc1973 axix, 828p. : ill a0.00 aMcGraw-Hill electrical and electronic engineering series aBibliography: p. [801]-802. 0aPHYSICS aELECTROMAGENTISM aKraus, John Daniel, 1910-